000
00328nam a22001457a 4500
020
_a
978-1-84646-985-5
082
_a
823
_b
SOU/L
100
_a
SOUTHGATE, VERA
245
_a
LITTLE RED RIDING HOOD
260
_a
UK
_b
LADYBIRD
300
_a
42
520
_a
ENGLISH SHORT STORY
650
_a
ENGLISH SHORT STORY
_z
UK
942
_c
BK
999
_c
4916
_d
4916